000
00313nam a2200133Ia 4500
005
20251222155054.0
008
251222s9999||||xx |||||||||||||| ||spa||
082
_a
MEQ. 33.5A
100
_a
Falabella, Escobar.
245
0
_a
Dermatología - 4ta. Edición.
250
_a
4ta. ed.
264
_b
CIB
942
_c
LIB
999
_c
37403
_d
37403